Pokémon - Attacken von Gewaldro in KA/PU - Statistiken

Allgemein
  • Dieses Quiz wurde 3 mal gespielt
  • Das Durchschnittsergebnis liegt bei 23 aus 85
Antwortstatistiken
Antwort % Korrekt
Absorber
100%
Blättersturm
100%
Flora-Statue
100%
Gigasauger
100%
Laubklinge
100%
Megasauger
100%
Samenbomben
100%
Aero-Ass
50%
Akrobatik
50%
Blattwerk
50%
Bodycheck
50%
Delegator
50%
Drachenpuls
50%
Drachenrute
50%
Drachentanz
50%
Egelsamen
50%
Erdbeben
50%
Erholung
50%
Fassade
50%
Grasfeld
50%
Grasrutsche
50%
Klaps
50%
Kreideschrei
50%
Kreuzschere
50%
Kugelsaat
50%
Pflanzensäulen
50%
Raub
50%
Scanner
50%
Schaufler
50%
Schlafrede
50%
Schlitzer
50%
Schutzschild
50%
Silberblick
50%
Sonnentag
50%
Strauchler
50%
Synthese
50%
Wutanfall
50%
Zornklinge
50%
Ableithieb
0%
Agilität
0%
Ausdauer
0%
Bodyslam
0%
Breitseite
0%
Brüller
0%
Dampfwalze
0%
Donnerschlag
0%
Doppelkick
0%
Doppelteam
0%
Drachenklaue
0%
Drachenschrei
0%
Durchbruch
0%
Energieball
0%
Felsgrab
0%
Feuerodem
0%
Fokusstoß
0%
Fußkick
0%
Fußtritt
0%
Gewissheit
0%
Gigastoß
0%
Hyperstrahl
0%
Knirscher
0%
Nachthieb
0%
Neck Strike
0%
Notsituation
0%
Power-Punch
0%
Rapidschutz
0%
Rechte Hand
0%
Risikotackle
0%
Ruckzuckhieb
0%
Schleuder
0%
Schnellkonter
0%
Schuppenschuss
0%
Schwanzabwurf
0%
Schwerttanz
0%
Slam
0%
Solarklinge
0%
Solarstrahl
0%
Sorgensamen
0%
Steinhagel
0%
Sternschauer
0%
Tera-Ausbruch
0%
Trugschlag
0%
Vakuumwelle
0%
Wegbereiter
0%
Zauberblatt
0%
Keine übereinstimmenden Quizze gefunden
Verteilung der Resultate
Anzahl Personen mit jedem Resultat
Perzentil nach korrekt beantworteten Fragen
Ihre Resultats-Entwicklung
Sie haben dieses Quiz noch nicht gespielt